The art of city sketching : (Record no. 7746)

000 -LEADER
fixed length control field 01303cam a2200205 i 4500
003 - CONTROL NUMBER IDENTIFIER
control field OSt
005 - DATE AND TIME OF LATEST TRANSACTION
control field 20200518142338.0
008 - FIXED-LENGTH DATA ELEMENTS--GENERAL INFORMATION
fixed length control field 131108s2014 nyua b 001 0 eng
020 ## - INTERNATIONAL STANDARD BOOK NUMBER
International Standard Book Number 9780415817813 (pbk)
082 00 - DEWEY DECIMAL CLASSIFICATION NUMBER
Classification number 720.284ABR
Edition number 23
100 1# - MAIN ENTRY--PERSONAL NAME
Personal name Abrams, Michael
Fuller form of name (Michael C.)
245 14 - TITLE STATEMENT
Title The art of city sketching :
Remainder of title a field manual /
Statement of responsibility, etc Michael Abrams.
300 ## - PHYSICAL DESCRIPTION
Extent xix, 312 pages :
Other physical details illustrations ;
Dimensions 29 cm
520 ## - SUMMARY, ETC.
Summary, etc "The Art of City Sketching: A Field Manual guides you through the laborious and sometimes complex process of sketching what you see around you so that you can learn to draw what you imagine. Illustrated with hundreds of drawings by students and professionals of cityscapes around Europe and the United States, the book will help you develop your conceptual drawing skills so that you can communicate graphically to represent the built environment. Short exercises, projects, drawing tips, step-by-step demonstrations, and composition do's and don'ts make it easy for you to get out into the city and experiment in your own work"--
650 #0 - SUBJECT ADDED ENTRY--TOPICAL TERM
Topical term or geographic name as entry element Architectural drawing
General subdivision Technique.
650 #7 - SUBJECT ADDED ENTRY--TOPICAL TERM
Topical term or geographic name as entry element ARCHITECTURE / Design, Drafting, Drawing & Presentation.
Source of heading or term bisacsh
650 #7 - SUBJECT ADDED ENTRY--TOPICAL TERM
Topical term or geographic name as entry element ART / Techniques / Drawing.
Source of heading or term bisacsh
650 #7 - SUBJECT ADDED ENTRY--TOPICAL TERM
Topical term or geographic name as entry element ARCHITECTURE / Reference.
Source of heading or term bisacsh
942 ## - ADDED ENTRY ELEMENTS (KOHA)
Source of classification or shelving scheme
Holdings
Withdrawn status Lost status Source of classification or shelving scheme Damaged status Koha normalized classification for sorting Not for loan Permanent location Current location Date acquired Total Checkouts Total Renewals Full call number Barcode Date last seen Date last borrowed Price effective from Koha item type
        720_284000000000000   BMS College of Architecture, Design and Planning BMS College of Architecture, Design and Planning 2020-05-18 1 1 720.284 AR-UG1411 2025-09-29 2025-09-23 2020-05-18 UG Books
Copyright © 2025, The Librarian, Library and Information Centre, BMSCA D&P, Bengaluru. All Rights Reserved
web counter

Powered by Koha